| 000 | 03269nam a2200421 a 4500 | ||
|---|---|---|---|
| 005 | 20101218155028.0 | ||
| 010 | _aB-419098-113 | ||
| 020 |
_a9788131730669 _c675.00 |
||
| 035 | _aB-419098-113 | ||
| 037 | _bUBH | ||
| 082 | _a300 | ||
| 100 |
_aPerry, John A. _924936 |
||
| 245 |
_aContemporary society: _cby John A. Perry [and] Erna K. Perry _ban introduction to social science / |
||
| 250 | _a12th ed. | ||
| 260 |
_aNew Delhi _bPearson Education _c2010 |
||
| 270 |
_a14, Local Shopping Centre, Panchsheel Park _bNew Delhi _e110017 |
||
| 300 |
_axiv, 610p. _c26cm(pbk) _bphotos |
||
| 500 | _aIncludes references and index | ||
| 700 |
_aPerry, Erna K. _924937 |
||
| 942 |
_2ddc _cEN _mPER _h300 |
||
| 999 |
_c35941 _d35941 |
||